| 000 | 00823nam a2200253 i 4500 | ||
|---|---|---|---|
| 001 | bg | ||
| 100 | 1 | _aGAŁGANEK, Andrzej | |
| 245 | 0 |
_aZmiana w globalnym systemie międzynarodowym.Supercykle i wojna hegemoniczna / _cAndrzej Gałganek ; Uniwersytet im. Adama Mickiewicza w Poznaniu. |
|
| 260 |
_aPoznań : _bWydaw. Nauk. UAM, _c1992. |
||
| 300 |
_a141 s.,[1] k. ; _c24 cm. |
||
| 490 | 1 |
_aNauki polityczne, _x0137-141X ; _v13 |
|
| 504 | _aBibliogr. s. 136-141. | ||
| 650 | 9 |
_aStosunki międzynarodowe _xpolityka |
|
| 650 | 9 |
_aGlobalizacja _xpolityka |
|
| 710 | _aUniwersytet im. Adama Mickiewicza | ||
| 830 |
_aNauki polityczne, _x0137-141X ; |
||
| 020 | _a8323205779 | ||
| 040 | _cBPK | ||
| 041 | _apl | ||
| 080 | _a327 | ||
| 920 | _a83-232-0577-9 | ||
| 942 | _cKS | ||
| 008 | s pl f |000 0 pol | ||
| 999 |
_c35314 _d35314 |
||
| 856 |
_uhttp://koha.tu.koszalin.pl/cgi-bin/koha/opac-detail.pl?biblionumber=35314 _yKatalog online BPK |
||